000 00399nam a22001457a 4500
005 20251216111212.0
008 251216b |||||||| |||| 00| 0 eng d
020 _a9780842305068
050 _aHQ769 DOB
100 _aDobson, James
245 _aThe New Dare to Discipline
_cJames Dobson
260 _aWheaton, Illinois
_bTyndale House Publishers
_c1992
300 _a276p.
_c21cm
942 _2lcc
_cBK
_n0
999 _c8575
_d8575